Countries Who Fell Off - Statistics

General Stats
  • This quiz has been taken 53 times
  • The average score is 6 of 10
Answer Stats
Current Size ÷ Peak Size (%) Answer % Correct
0.68% United Kingdom (British Colonial Empire)
98%
3.69% Spain (Spanish Colonial Empire)
91%
1.67% Portugal (Portugese Colonial Empire)
85%
2.03% Netherlands (Dutch Colonial Empire)
78%
5.11% Japan (Japanese Empire)
65%
1.24% Belgium (Belgian Colonial Empire)
63%
2.54% Greece (Macedonian Empire)
57%
0.001% Vatican City (Papal States)
48%
0.25% Taiwan (Qing Dynasty)
13%
5.23% Brunei (Bruneian Sultanate)
9%
No matching quizzes found
Score Distribution
Percent of People with Each Score
Percentile by Number Answered
Your Score History
You have not taken this quiz